Human resource management : concepts and practices
Αποθηκεύτηκε σε:
| Κύριος συγγραφέας: | |
|---|---|
| Άλλοι συγγραφείς: | |
| Μορφή: | Βιβλίο |
| Γλώσσα: | English |
| Δημοσίευση: |
New York, Chichester :
Wiley,
1994
|
| Έκδοση: | 4th ed. |
| Θέματα: | |
| Ετικέτες: |
Προσθήκη ετικέτας
Δεν υπάρχουν, Καταχωρήστε ετικέτα πρώτοι!
|
MARC
| LEADER | 00000nam a2200000 i 4500 | ||
|---|---|---|---|
| 001 | 1/41791 | ||
| 008 | 960207s1994 eng d | ||
| 020 | |a 0-471-57687-5 | ||
| 035 | |l 10025474 | ||
| 040 | |a GR-MY-UA |b gre |e aacr | ||
| 041 | 0 | |a eng | |
| 082 | 0 | |a 658.3 | |
| 100 | 1 | |a DeCenzo, David A. | |
| 245 | 1 | 0 | |a Human resource management : |b concepts and practices / |c David A De Cenzo, Stephen P.Robbins |
| 250 | |a 4th ed. | ||
| 260 | |a New York, Chichester : |b Wiley, |c 1994 | ||
| 500 | |a Includes index | ||
| 650 | 0 | 0 | |a Personnel management. |
| 700 | 1 | |a Robbins, Stephen P., |d 1943- | |
| 852 | |a INST |b CHIOS |e 19960207 |h 658.3 DEC |p 005200003959 |q 005200003959 |t BK |y 0 | ||
| 909 | |a Χ |b 037448 | ||